|
|
|
|
| LEADER |
01091nam a22002537a 4500 |
| 001 |
37801 |
| 003 |
BD-DhAAL |
| 008 |
220223t1997 bg ||||| |||| 00| 0 ben d |
| 999 |
|
|
|c 43569
|d 43569
|
| 020 |
|
|
|a 9840735845
|
| 040 |
|
|
|a BD-DhAAL
|
| 082 |
|
|
|a 398.095492
|2 23
|
| 100 |
|
|
|a চৌধুরী, মোমেন
|9 46036
|
| 245 |
|
|
|a লোকসংস্কার ও বিবিধ প্রসঙ্গ /
|c মোমেন চৌধুরী
|
| 246 |
|
|
|a Lokosanskar O bibidha prasanga
|
| 246 |
|
|
|a Folk beliefs and other contexts
|
| 260 |
|
|
|a ঢাকা :
|b বাংলা একাডেমী,
|c ১৯৯৭
|
| 300 |
|
|
|a ১০৬ পৃষ্ঠা ;
|c ২২ সে.মি.
|
| 526 |
|
|
|a BIED
|
| 541 |
|
|
|a Complimentary copy from BIED
|e 37801
|
| 650 |
|
|
|a Folklore
|z Bangladesh.
|9 46037
|
| 852 |
|
|
|a Ayesha Abed Library
|c BIED Collection
|
| 942 |
|
|
|2 ddc
|c BK
|
| 952 |
|
|
|0 0
|1 0
|2 ddc
|4 0
|6 398_095492000000000_CHO
|7 0
|9 69878
|a BRACUL
|b BRACUL
|c GEN
|d 2022-02-23
|e Complimentary copy from BIED
|l 0
|o 398.095492 CHO
|p 3010037801
|r 2022-02-23
|t 1
|w 2022-02-23
|y BK
|x Transferred from BIED to General Stacks
|